The Association of Commonwealth Universities Bulletin: the ACU at 100, 1913-2013 (Record no. 84439)
[ view plain ]
| 000 -LEADER | |
|---|---|
| fixed length control field | 01140nam a2200193 a 4500 |
| 008 - FIXED-LENGTH DATA ELEMENTS--GENERAL INFORMATION | |
| fixed length control field | 150115s2013 ||||||||||||||||| || u |
| 050 ## - LIBRARY OF CONGRESS CALL NUMBER | |
| Classification number | ACU(05)B/2013/180 |
| 110 ## - MAIN ENTRY--CORPORATE NAME | |
| Corporate name or jurisdiction name as entry element | Association of Commonwealth Universities (ACU) |
| 245 14 - TITLE STATEMENT | |
| Title | The Association of Commonwealth Universities Bulletin: the ACU at 100, 1913-2013 |
| Statement of responsibility, etc. | by Association of Commonwealth Universities (ACU) |
| 260 ## - PUBLICATION, DISTRIBUTION, ETC. | |
| Place of publication, distribution, etc. | London: |
| Name of publisher, distributor, etc. | Association of Commonwealth Universities (ACU) |
| Date of publication, distribution, etc. | 2013 |
| 300 ## - PHYSICAL DESCRIPTION | |
| Extent | 32p.: ill. |
| 362 1# - | |
| -- | No. 180, October 2013 |
| 650 #0 - SUBJECT ADDED ENTRY--TOPICAL TERM | |
| Topical term or geographic name entry element | UNIVERSITIES AND COLLEGES - GREAT BRITAIN - ADMINISTRATION |
| 650 ## - SUBJECT ADDED ENTRY--TOPICAL TERM | |
| Topical term or geographic name entry element | COMMONWEALTH UNIVERSITIES--PERIODICALS |
| 650 ## - SUBJECT ADDED ENTRY--TOPICAL TERM | |
| Topical term or geographic name entry element | UNIVERSITY INSTITUTIONS IN THE COMMONWEALTH |
| 995 ## - | |
| -- | SPECIAL COLLECTIONS |
| -- | 1804 |
| -- | CBU-MAIN LIBRARY (Kitwe) |
| -- | ACU(05)B/2013/180A |
| -- | 1 |
| -- | AVAILABLE |
| -- | Jan 29, 2015 |
| -- | B1804 |
| -- | International Publications |
| 995 ## - | |
| -- | SPECIAL COLLECTIONS |
| -- | 1347 |
| -- | CBU-MAIN LIBRARY (Kitwe) |
| -- | ACU(05)B/2013/180C |
| -- | 3 |
| -- | AVAILABLE |
| -- | Mar 31, 2022 |
| -- | B1347 |
| -- | International Publications |
| 995 ## - | |
| -- | SPECIAL COLLECTIONS |
| -- | 1805 |
| -- | CBU-MAIN LIBRARY (Kitwe) |
| -- | ACU(05)B/2013/180B |
| -- | 2 |
| -- | AVAILABLE |
| -- | Jan 29, 2015 |
| -- | B1805 |
| -- | International Publications |
| 999 ## - | |
| -- | 84439 |
| -- | 84439 |
| Withdrawn status | Lost status | Source of classification or shelving scheme | Damaged status | Not for loan | Permanent Location | Current Location | Shelving location | Date acquired | Total Checkouts | Full call number | Barcode | Date last seen | Copy number | Price effective from | Koha item type |
|---|---|---|---|---|---|---|---|---|---|---|---|---|---|---|---|
| CBU-MAIN LIBRARY, KITWE. | CBU-MAIN LIBRARY, KITWE. | 01/25/2024 | ACU(05)B/2013/180A | B1804 | 01/25/2024 | 1 | 01/25/2024 | SPECIAL COLLECTION | |||||||
| CBU-MAIN LIBRARY, KITWE. | CBU-MAIN LIBRARY, KITWE. | 01/25/2024 | ACU(05)B/2013/180C | B1347 | 01/25/2024 | 2 | 01/25/2024 | SPECIAL COLLECTION | |||||||
| CBU-MAIN LIBRARY, KITWE. | CBU-MAIN LIBRARY, KITWE. | 01/25/2024 | ACU(05)B/2013/180B | B1805 | 01/25/2024 | 3 | 01/25/2024 | SPECIAL COLLECTION |